[Event "17. Open de la Constitución 2015"]
[Site "San Sebastian de los Reyes ES"]
[Date "2015.11.30"]
[Round "1.1"]
[White "Stefanescu, Iulian"]
[Black "Perez Mitjans, Orelvis"]
[Result "0-1"]
[WhiteElo "1652"]
[BlackElo "2478"]
[PlyCount "65"]
[EventDate "2015.11.30"]
[EventType "swiss"]
[EventRounds "9"]
[EventCountry "ESP"]
[Source "lmi"]
[SourceDate "2015.11.30"]

1. d4 d5 2. Bf4 Nf6 3. e3 c6 4. c3 Bf5 5. Bd3 Bg6 6. h3 Nbd7 7. Bxg6 hxg6 8.
Nf3 Qb6 9. Qb3 Qa6 10. Qc2 e6 11. Nbd2 c5 12. Ne5 Be7 13. Nxd7 Nxd7 14. Nf3
cxd4 15. exd4 Rc8 16. Ne5 Nf6 17. f3 Nh5 18. Bh2 Bh4+ 19. Kd2 O-O 20. Rhf1 Bg3
21. Bxg3 Nxg3 22. Rf2 Rc7 23. Qd3 Qa5 24. a3 b5 25. Nxg6 fxg6 26. Qxg6 Ne4+ 27.
fxe4 Rxf2+ 28. Ke3 Rcf7 29. e5 Rxb2 30. Rc1 Qxa3 31. Qxe6 Rxg2 32. Qe8+ Rf8 33.
Qe6+ 0-1

[Event "17. Open de la Constitución 2015"]
[Site "San Sebastian de los Reyes ES"]
[Date "2015.11.30"]
[Round "1.2"]
[White "Hernando Pertierra, Jose C"]
[Black "Garcia Lopez, Fernando"]
[Result "1-0"]
[WhiteElo "2374"]
[BlackElo "1644"]
[PlyCount "77"]
[EventDate "2015.11.30"]
[EventType "swiss"]
[EventRounds "9"]
[EventCountry "ESP"]
[Source "lmi"]
[SourceDate "2015.11.30"]

1. Nf3 Nf6 2. c4 c5 3. g3 e6 4. Bg2 Nc6 5. O-O Be7 6. Nc3 O-O 7. d4 d6 8. d5
exd5 9. cxd5 Nb4 10. a3 Na6 11. Nd2 Nc7 12. a4 b6 13. e4 Bb7 14. Nc4 Ba6 15. b3
Nd7 16. f4 Rb8 17. Re1 Bxc4 18. bxc4 Bf6 19. Qd3 Re8 20. Be3 Na6 21. Rac1 Nb4
22. Qd1 Bxc3 23. Rxc3 a5 24. Bc1 Na2 25. Rce3 Nxc1 26. Qxc1 f6 27. Qd1 Nf8 28.
h4 Nd7 29. Kh2 Qc7 30. h5 Qa7 31. h6 Nf8 32. e5 fxe5 33. fxe5 gxh6 34. exd6
Rxe3 35. Rxe3 Qd7 36. Re6 Nxe6 37. dxe6 Qg7 38. e7 Kh8 39. Qe2 1-0

[Event "17. Open de la Constitución 2015"]
[Site "San Sebastian de los Reyes ES"]
[Date "2015.11.30"]
[Round "1.3"]
[White "Martinez Miura, Enrique"]
[Black "Soares, Erikson Roberto Mau"]
[Result "0-1"]
[WhiteElo "1611"]
[BlackElo "2226"]
[PlyCount "42"]
[EventDate "2015.11.30"]
[EventType "swiss"]
[EventRounds "9"]
[EventCountry "ESP"]
[Source "lmi"]
[SourceDate "2015.11.30"]

1. Nf3 d5 2. d4 Nf6 3. Bf4 g6 4. e3 Bg7 5. h3 O-O 6. c4 c5 7. Nc3 Nc6 8. dxc5
Qa5 9. Qd2 dxc4 10. Bxc4 Qxc5 11. Qe2 a6 12. Rc1 Qh5 13. O-O b5 14. Bb3 Bb7 15.
a3 e5 16. Bh2 Rad8 17. Rfd1 Na5 18. Rxd8 Rxd8 19. g4 Nxg4 20. Bxf7+ Kxf7 21.
Rd1 Nxh2 0-1

[Event "17. Open de la Constitución 2015"]
[Site "San Sebastian de los Reyes ES"]
[Date "2015.11.30"]
[Round "1.4"]
[White "Quevedo Marin, Manuel"]
[Black "Alfaya Martinez, Enrique"]
[Result "1-0"]
[WhiteElo "2204"]
[BlackElo "1586"]
[PlyCount "85"]
[EventDate "2015.11.30"]
[EventType "swiss"]
[EventRounds "9"]
[EventCountry "ESP"]
[Source "lmi"]
[SourceDate "2015.11.30"]

1. d4 Nf6 2. Nf3 g6 3. Bf4 Bg7 4. e3 d6 5. Be2 O-O 6. O-O Nbd7 7. Nbd2 a6 8. h3
b5 9. c4 c5 10. cxb5 cxd4 11. exd4 axb5 12. Bxb5 Rb8 13. a4 Nd5 14. Bg5 Nc7 15.
Re1 f6 16. Bf4 Nxb5 17. Qb3+ Kh8 18. axb5 e5 19. Bg3 Qb6 20. Qa3 Qxb5 21. Qxd6
Rb6 22. Qe7 Qb4 23. Qxb4 Rxb4 24. b3 Re8 25. Ra8 Nb6 26. Rb8 Nd5 27. Rxb4 Nxb4
28. dxe5 fxe5 29. Nxe5 Kg8 30. f4 Nc2 31. Rc1 Nd4 32. Kf2 Ba6 33. Ra1 Bb7 34.
Ra7 Bc6 35. Ndc4 Bxe5 36. Nxe5 Rb8 37. Rc7 Bd5 38. Nd7 Rd8 39. Bh4 Rxd7 40.
Rxd7 Nf5 41. Rxd5 Nxh4 42. g4 g5 43. Rxg5+ 1-0

[Event "17. Open de la Constitución 2015"]
[Site "San Sebastian de los Reyes ES"]
[Date "2015.11.30"]
[Round "1.5"]
[White "Hernandez Ramos, Alberto"]
[Black "Lozano Suarez, Luis Miguel"]
[Result "0-1"]
[WhiteElo "1578"]
[BlackElo "2136"]
[PlyCount "92"]
[EventDate "2015.11.30"]
[EventType "swiss"]
[EventRounds "9"]
[EventCountry "ESP"]
[Source "lmi"]
[SourceDate "2015.11.30"]

1. e4 d5 2. exd5 Qxd5 3. Nc3 Qd8 4. d4 Nf6 5. Bc4 a6 6. a3 Nbd7 7. Bf4 e6 8.
Bb3 Bd6 9. Bg5 O-O 10. Ne4 Be7 11. Nxf6+ Bxf6 12. Bxf6 Qxf6 13. c3 b5 14. Qf3
Qxf3 15. Nxf3 Bb7 16. O-O Bxf3 17. gxf3 Nb6 18. Rfe1 Rfd8 19. Bc2 a5 20. Be4
Rab8 21. b4 a4 22. f4 g6 23. Bg2 Kg7 24. Re5 Nd5 25. Bxd5 Rxd5 26. Rxd5 exd5
27. Re1 Kf6 28. Re5 c6 29. Kg2 Rb7 30. Kf3 Re7 31. Ke3 Re6 32. h3 Ke7 33. Kf3
f6 34. Rxe6+ Kxe6 35. Kg4 h5+ 36. Kf3 Kf5 37. Ke3 g5 38. Kf3 h4 39. fxg5 fxg5
40. Ke3 g4 41. hxg4+ Kxg4 42. Ke2 Kf4 43. Kf1 Kf3 44. Kg1 h3 45. Kh2 Kxf2 46.
Kxh3 Ke3 0-1

[Event "17. Open de la Constitución 2015"]
[Site "San Sebastian de los Reyes ES"]
[Date "2015.11.30"]
[Round "1.6"]
[White "Alvarez Abejon, Amilcar"]
[Black "Alameda Arellano, Cristeto"]
[Result "1-0"]
[WhiteElo "2055"]
[BlackElo "1545"]
[PlyCount "49"]
[EventDate "2015.11.30"]
[EventType "swiss"]
[EventRounds "9"]
[EventCountry "ESP"]
[Source "lmi"]
[SourceDate "2015.11.30"]

1. c4 c6 2. Nf3 Nf6 3. Nc3 d5 4. d4 dxc4 5. a4 Bf5 6. e3 e6 7. Bxc4 Bb4 8. O-O
Nbd7 9. Qe2 h6 10. e4 Bh7 11. e5 Nd5 12. Nxd5 cxd5 13. Bd3 Bxd3 14. Qxd3 O-O
15. Ne1 Qa5 16. Qg3 Kh7 17. Nd3 Be7 18. f4 f5 19. exf6 gxf6 20. f5 Rg8 21. Qh4
Bf8 22. fxe6 Qa6 23. Qh3 Nb6 24. Rxf6 Bg7 25. Rxh6+ 1-0

[Event "17. Open de la Constitución 2015"]
[Site "San Sebastian de los Reyes ES"]
[Date "2015.11.30"]
[Round "1.7"]
[White "Lopez Ziegler, Juan Jose"]
[Black "Lopez de Turiso, Jose Angel"]
[Result "0-1"]
[WhiteElo "1543"]
[BlackElo "2034"]
[PlyCount "62"]
[EventDate "2015.11.30"]
[EventType "swiss"]
[EventRounds "9"]
[EventCountry "ESP"]
[Source "lmi"]
[SourceDate "2015.11.30"]

1. d4 d5 2. Bf4 e6 3. e3 Bd6 4. Bxd6 Qxd6 5. c3 Nd7 6. Nd2 e5 7. Rc1 Ne7 8. Bd3
e4 9. Bc2 Qg6 10. Kf1 f5 11. Nh3 O-O 12. Nf4 Qh6 13. Bb3 Nf6 14. g3 g5 15. Ng2
Qh3 16. Kg1 c6 17. f4 exf3 18. Nxf3 h6 19. Qd3 Be6 20. Ne5 Kg7 21. Rf1 Rae8 22.
Bd1 Ng6 23. Nxg6 Kxg6 24. Nf4+ gxf4 25. Rxf4 Ne4 26. Rh4 Qxh4 27. gxh4 f4 28.
h5+ Kh7 29. Bf3 Bh3 30. Bxe4+ dxe4 31. Qd1 fxe3 0-1

[Event "17. Open de la Constitución 2015"]
[Site "San Sebastian de los Reyes ES"]
[Date "2015.11.30"]
[Round "1.8"]
[White "Esquivias Gomez, Francisco J"]
[Black "Cortijo Manso, Luis"]
[Result "1/2-1/2"]
[WhiteElo "2029"]
[BlackElo "1505"]
[PlyCount "79"]
[EventDate "2015.11.30"]
[EventType "swiss"]
[EventRounds "9"]
[EventCountry "ESP"]
[Source "lmi"]
[SourceDate "2015.11.30"]

1. e4 e6 2. d4 d5 3. e5 c5 4. Nf3 Qb6 5. Bd3 Nc6 6. O-O Bd7 7. a3 cxd4 8. Re1
Nge7 9. b4 a6 10. Nbd2 Na7 11. Bb2 Nec6 12. Qe2 Nb5 13. Bxb5 Qxb5 14. Qxb5 axb5
15. Nb3 Be7 16. Nfxd4 Nxd4 17. Bxd4 O-O 18. Nc5 Bc6 19. c3 Bd8 20. Ra2 Bc7 21.
f4 b6 22. Nd3 Bd7 23. g4 Bd8 24. g5 g6 25. h4 h5 26. gxh6 Kh7 27. Rea1 Kxh6 28.
Rh2 Rg8 29. Kf2 Kh5 30. Kf3 Bc7 31. Rg1 Bd8 32. f5 exf5 33. Be3 f4 34. Nxf4+
Kh6 35. Ne6+ Kh7 36. Nxd8 Rgxd8 37. Bg5 Rdc8 38. h5 Rxc3+ 39. Kg2 Rc2+ 40. Kh1
1/2-1/2

[Event "17. Open de la Constitución 2015"]
[Site "San Sebastian de los Reyes ES"]
[Date "2015.11.30"]
[Round "1.9"]
[White "Rodenas Riesco, Alfonso"]
[Black "Cabanas Bravo, Juan Andres"]
[Result "0-1"]
[WhiteElo "1502"]
[BlackElo "2012"]
[PlyCount "84"]
[EventDate "2015.11.30"]
[EventType "swiss"]
[EventRounds "9"]
[EventCountry "ESP"]
[Source "lmi"]
[SourceDate "2015.11.30"]

1. d4 Nf6 2. c4 e5 3. e3 exd4 4. exd4 Bb4+ 5. Nc3 O-O 6. Bd3 d5 7. c5 b6 8.
cxb6 axb6 9. Nf3 Re8+ 10. Be2 Ba6 11. O-O Bxc3 12. Bxa6 Bxb2 13. Bxb2 Rxa6 14.
Qd3 Ra4 15. Ne5 Qd6 16. Rfe1 c5 17. dxc5 bxc5 18. Nf3 Rxe1+ 19. Nxe1 Nbd7 20.
Nf3 h6 21. a3 d4 22. Re1 Qa6 23. Qf5 Qb6 24. Bc1 c4 25. Ne5 Qa5 26. Kf1 c3 27.
Bf4 Rxa3 28. Qd3 Qa6 29. Qxa6 Rxa6 30. Rc1 Nd5 31. Nxd7 Nxf4 32. Nc5 Ra2 33. g3
Ne6 34. Nd3 Rd2 35. Nb4 Nc5 36. Kg2 Ne4 37. Kf3 Nxf2 38. Nc2 Nd1 39. Ne1 f5 40.
Kf4 Ne3 41. Nf3 Rf2 42. g4 fxg4 0-1

[Event "17. Open de la Constitución 2015"]
[Site "San Sebastian de los Reyes ES"]
[Date "2015.11.30"]
[Round "1.10"]
[White "Marcos Herrero, Francisco"]
[Black "Salgado Nogal, Marcos"]
[Result "1-0"]
[WhiteElo "1992"]
[BlackElo "1467"]
[PlyCount "103"]
[EventDate "2015.11.30"]
[EventType "swiss"]
[EventRounds "9"]
[EventCountry "ESP"]
[Source "lmi"]
[SourceDate "2015.11.30"]

1. d4 d5 2. c4 e6 3. Nf3 Nf6 4. g3 c5 5. cxd5 exd5 6. Bg2 Nc6 7. O-O Be7 8. Nc3
O-O 9. Bg5 h6 10. Bxf6 Bxf6 11. dxc5 Bxc3 12. bxc3 Be6 13. Nd4 a6 14. Qa4 Qc7
15. Rab1 Rfe8 16. Nxc6 Qxc6 17. Qxc6 bxc6 18. Rb6 Bd7 19. e3 Reb8 20. Rfb1 Rxb6
21. cxb6 Rb8 22. b7 Kf8 23. e4 dxe4 24. Bxe4 Ke7 25. Rb6 Kd6 26. Kg2 Kc7 27.
Rxa6 Rxb7 28. Kf3 Kd6 29. Ke3 Rb5 30. a4 Re5 31. f4 Re8 32. Kd4 Rb8 33. a5 Kc7
34. Ra7+ Kd6 35. a6 c5+ 36. Ke3 Bb5 37. Rxf7 Bxa6 38. Rxg7 Re8 39. Rg6+ Re6 40.
f5 Rxg6 41. fxg6 Bc4 42. Kf4 Be6 43. g4 c4 44. h4 Bg8 45. Bf5 Bd5 46. h5 Bg8
47. g5 hxg5+ 48. Kxg5 Ke7 49. h6 Kf8 50. Kf6 Bf7 51. g7+ Kg8 52. h7# 1-0

[Event "17. Open de la Constitución 2015"]
[Site "San Sebastian de los Reyes ES"]
[Date "2015.11.30"]
[Round "1.11"]
[White "Infante Martin, Alonso"]
[Black "Largo Barbero, Benito"]
[Result "0-1"]
[WhiteElo "1457"]
[BlackElo "1954"]
[PlyCount "58"]
[EventDate "2015.11.30"]
[EventType "swiss"]
[EventRounds "9"]
[EventCountry "ESP"]
[Source "lmi"]
[SourceDate "2015.11.30"]

1. d4 Nf6 2. c4 g6 3. Nc3 Bg7 4. f3 O-O 5. e4 d6 6. Be3 a6 7. a4 Nc6 8. Qd2 e5
9. d5 Nb4 10. Nge2 Rb8 11. Na2 Nxa2 12. Rxa2 Bd7 13. b3 b5 14. axb5 axb5 15. c5
dxc5 16. Bxc5 Re8 17. b4 Qc8 18. Nc3 Rd8 19. Bd3 c6 20. Qe2 cxd5 21. exd5 Bf8
22. Bxf8 Qxc3+ 23. Kf1 Kxf8 24. g4 Nxd5 25. Rc2 Qa1+ 26. Qe1 Qxe1+ 27. Kxe1
Nxb4 28. Rd2 Be6 29. Ke2 Nxd3 0-1

[Event "17. Open de la Constitución 2015"]
[Site "San Sebastian de los Reyes ES"]
[Date "2015.11.30"]
[Round "1.12"]
[White "Sacristan Virseda, Fernando"]
[Black "Mehalingam, Karunanithi"]
[Result "1-0"]
[WhiteElo "1951"]
[BlackElo "1449"]
[PlyCount "55"]
[EventDate "2015.11.30"]
[EventType "swiss"]
[EventRounds "9"]
[EventCountry "ESP"]
[Source "lmi"]
[SourceDate "2015.11.30"]

1. e4 c5 2. Nc3 a6 3. g3 d6 4. Bg2 Nc6 5. d3 Nf6 6. f4 e6 7. Nf3 Nd4 8. O-O Be7
9. h3 O-O 10. g4 b5 11. f5 e5 12. g5 Ne8 13. h4 g6 14. f6 Bxf6 15. gxf6 Nxf6
16. Bg5 Be6 17. Nxd4 cxd4 18. Bxf6 Qb6 19. Ne2 Bg4 20. Qd2 d5 21. Qh6 Qxf6 22.
Rxf6 Bxe2 23. exd5 Rac8 24. Re1 Rxc2 25. d6 Bxd3 26. Rxe5 Bf5 27. Rxf7 Kxf7 28.
Re7+ 1-0

[Event "17. Open de la Constitución 2015"]
[Site "San Sebastian de los Reyes ES"]
[Date "2015.11.30"]
[Round "1.13"]
[White "Llamas Martinez, Pablo"]
[Black "Vukotic Jovsic, Dragan"]
[Result "0-1"]
[WhiteElo "1422"]
[BlackElo "1943"]
[PlyCount "36"]
[EventDate "2015.11.30"]
[EventType "swiss"]
[EventRounds "9"]
[EventCountry "ESP"]
[Source "lmi"]
[SourceDate "2015.11.30"]

1. e4 e6 2. d4 d5 3. exd5 exd5 4. Nf3 Bd6 5. Nc3 c6 6. Bd3 Ne7 7. O-O O-O 8.
Re1 Bf5 9. Rxe7 Bxd3 10. Re1 Bf5 11. Bg5 f6 12. Bh4 Na6 13. Ne5 g5 14. Bxg5
fxg5 15. Re3 Bxe5 16. Rxe5 Qf6 17. Qh5 Kh8 18. Rae1 Bg4 0-1

[Event "17. Open de la Constitución 2015"]
[Site "San Sebastian de los Reyes ES"]
[Date "2015.11.30"]
[Round "1.14"]
[White "Perez Cameselle, Francisco"]
[Black "Medina Balenciaga, Patricio"]
[Result "1-0"]
[WhiteElo "1904"]
[BlackElo "1416"]
[PlyCount "77"]
[EventDate "2015.11.30"]
[EventType "swiss"]
[EventRounds "9"]
[EventCountry "ESP"]
[Source "lmi"]
[SourceDate "2015.11.30"]

1. Nf3 d5 2. g3 e6 3. Bg2 Bd6 4. d3 Nf6 5. O-O Bd7 6. Nc3 c6 7. e4 dxe4 8. dxe4
Be7 9. e5 Nd5 10. Ne4 c5 11. c4 Nb6 12. Nd6+ Bxd6 13. Qxd6 Bc6 14. Qxd8+ Kxd8
15. b3 Ke7 16. Bg5+ f6 17. exf6+ gxf6 18. Be3 N6d7 19. Rfd1 Na6 20. Rd2 Rad8
21. Rad1 b5 22. Rd6 Bxf3 23. Bxf3 Ne5 24. Rxd8 Nxf3+ 25. Kg2 Rxd8 26. Rxd8 Ne1+
27. Kf1 Kxd8 28. Kxe1 b4 29. Ke2 Kd7 30. Kf3 Ke7 31. Kg4 Kf7 32. Kh5 Kg7 33. g4
e5 34. f3 f5 35. gxf5 Kf6 36. Kh6 Kxf5 37. Kxh7 Kf6 38. h4 Kf7 39. h5 1-0

[Event "17. Open de la Constitución 2015"]
[Site "San Sebastian de los Reyes ES"]
[Date "2015.11.30"]
[Round "1.15"]
[White "Di Pietro Moreno, Fatima"]
[Black "Hernandez Ramos, David"]
[Result "0-1"]
[WhiteElo "1408"]
[BlackElo "1886"]
[PlyCount "66"]
[EventDate "2015.11.30"]
[EventType "swiss"]
[EventRounds "9"]
[EventCountry "ESP"]
[Source "lmi"]
[SourceDate "2015.11.30"]

1. d4 g6 2. Nf3 Bg7 3. Bf4 Nf6 4. e3 d6 5. h3 O-O 6. Be2 b6 7. c4 Bb7 8. Nc3
Nbd7 9. O-O Re8 10. Qc2 Nf8 11. Rad1 c6 12. e4 Ne6 13. Bh2 d5 14. e5 Nd7 15. b4
Nc7 16. Rfe1 Rc8 17. c5 Ne6 18. Qd2 bxc5 19. bxc5 Qa5 20. Nh4 Ba6 21. Bg4 Ndf8
22. f4 Bh6 23. Rf1 Bxf1 24. Rxf1 Rb8 25. g3 Qb4 26. Rd1 Qa3 27. Qe1 Rb4 28. f5
Nxd4 29. fxg6 hxg6 30. Nb1 Qb2 31. Ng2 Reb8 32. Nd2 Qxa2 33. h4 Rb2 0-1

[Event "17. Open de la Constitución 2015"]
[Site "San Sebastian de los Reyes ES"]
[Date "2015.11.30"]
[Round "1.16"]
[White "Clavero Alarcon, Jose Miguel"]
[Black "Lozano Hernanz, Rodrigo"]
[Result "1-0"]
[WhiteElo "1873"]
[BlackElo "1399"]
[PlyCount "49"]
[EventDate "2015.11.30"]
[EventType "swiss"]
[EventRounds "9"]
[EventCountry "ESP"]
[Source "lmi"]
[SourceDate "2015.11.30"]

1. c4 e5 2. g3 Nf6 3. Bg2 Nc6 4. Nc3 Bb4 5. Nd5 Bc5 6. e3 d6 7. Ne2 O-O 8. O-O
Nb4 9. d4 Bb6 10. Nxb4 Be6 11. Nd5 c6 12. Nxb6 Qxb6 13. b3 Rac8 14. Bd2 Rfd8
15. Qe1 Qa6 16. f3 c5 17. Bc3 d5 18. dxe5 Ne8 19. cxd5 Bxd5 20. e4 Bc6 21. Bh3
Rc7 22. e6 Bb5 23. Rf2 c4 24. Nf4 Rd6 25. Be5 1-0

[Event "17. Open de la Constitución 2015"]
[Site "San Sebastian de los Reyes ES"]
[Date "2015.11.30"]
[Round "1.17"]
[White "Martin Rodriguez, Jose Luis"]
[Black "Gonzalez Berrendero, Carlos"]
[Result "0-1"]
[WhiteElo "1379"]
[BlackElo "1842"]
[PlyCount "68"]
[EventDate "2015.11.30"]
[EventType "swiss"]
[EventRounds "9"]
[EventCountry "ESP"]
[Source "lmi"]
[SourceDate "2015.11.30"]

1. e4 e6 2. d4 d5 3. Nc3 Bb4 4. e5 Ne7 5. a3 Ba5 6. Nf3 Nbc6 7. b4 Bb6 8. Na4
O-O 9. Nxb6 axb6 10. h4 Nxb4 11. Be3 Nbc6 12. Bd3 h6 13. g4 Na5 14. h5 Nc4 15.
Qc1 Nxe3 16. Qxe3 f6 17. Nh4 fxe5 18. dxe5 Ra4 19. Qg3 Rff4 20. f3 Nc6 21. Ng6
Rf7 22. Rg1 Ne7 23. Ke2 Nxg6 24. hxg6 Rff4 25. c4 Qg5 26. Rh1 Qxe5+ 27. Kd2
Qb2+ 28. Ke3 Qd4+ 29. Kd2 dxc4 30. Qh4 Qxd3+ 31. Kc1 Rxa3 32. Rxa3 Qxa3+ 33.
Kb1 c3 34. Qd8+ Rf8 0-1

[Event "17. Open de la Constitución 2015"]
[Site "San Sebastian de los Reyes ES"]
[Date "2015.11.30"]
[Round "1.19"]
[White "Asins Martin, Jose"]
[Black "Tarrio Ocana, Jose Manuel"]
[Result "0-1"]
[WhiteElo "1250"]
[BlackElo "1829"]
[PlyCount "80"]
[EventDate "2015.11.30"]
[EventType "swiss"]
[EventRounds "9"]
[EventCountry "ESP"]
[Source "lmi"]
[SourceDate "2015.11.30"]

1. d4 d5 2. c4 c6 3. Nf3 Nf6 4. Nc3 e6 5. Bf4 Bd6 6. Bxd6 Qxd6 7. e3 Nbd7 8. c5
Qc7 9. Bd3 e5 10. e4 exd4 11. Nxd4 dxe4 12. Bxe4 Nxc5 13. Bf3 Qe5+ 14. Nde2 Bf5
15. O-O O-O 16. Qd4 Qxd4 17. Nxd4 Bg6 18. b4 Nd3 19. a3 Rad8 20. Nb3 Ne5 21.
Be2 Bd3 22. Rfe1 Bxe2 23. Rxe2 Ng6 24. Rae1 Rd3 25. Rc2 Nd5 26. Nxd5 Rxd5 27.
h3 h6 28. Rce2 b6 29. Re8 Rd3 30. R8e3 Rfd8 31. Nc1 Rxe3 32. Rxe3 Rd1+ 33. Kh2
Rxc1 34. Re8+ Kh7 35. Ra8 c5 36. bxc5 Rxc5 37. Rxa7 Ra5 38. Rxf7 Rxa3 39. f4
Kg8 40. Rf5 Ra5 0-1

[Event "17. Open de la Constitución 2015"]
[Site "San Sebastian de los Reyes ES"]
[Date "2015.11.30"]
[Round "1.20"]
[White "Camarero Izquierdo, Juan Carlos"]
[Black "Karunanithi, Bharath"]
[Result "1-0"]
[WhiteElo "1825"]
[BlackElo "1247"]
[PlyCount "47"]
[EventDate "2015.11.30"]
[EventType "swiss"]
[EventRounds "9"]
[EventCountry "ESP"]
[Source "lmi"]
[SourceDate "2015.11.30"]

1. d4 Nf6 2. Nc3 e6 3. Bg5 d5 4. e4 dxe4 5. Nxe4 Be7 6. Bxf6 Bxf6 7. Nf3 Nc6 8.
Qd3 Nxd4 9. Nxf6+ Qxf6 10. Qxd4 Qg6 11. O-O-O O-O 12. Kb1 b6 13. Bd3 Qxg2 14.
Rhg1 e5 15. Qe4 Qh3 16. Rg3 f5 17. Bc4+ Kh8 18. Qxa8 Qh5 19. Rdg1 h6 20. Rxg7
e4 21. Rg8+ Rxg8 22. Rxg8+ Kh7 23. Qxc8 Qxf3 24. Qxc7# 1-0

[Event "17. Open de la Constitución 2015"]
[Site "San Sebastian de los Reyes ES"]
[Date "2015.11.30"]
[Round "1.21"]
[White "Guillo Sanchez-Galiano, Ernesto"]
[Black "Guillo Longares, Cecilia"]
[Result "0-1"]
[WhiteElo "1201"]
[BlackElo "1815"]
[PlyCount "56"]
[EventDate "2015.11.30"]
[EventType "swiss"]
[EventRounds "9"]
[EventCountry "ESP"]
[Source "lmi"]
[SourceDate "2015.11.30"]

1. d4 Nf6 2. Nf3 c5 3. c3 cxd4 4. cxd4 g6 5. e3 Bg7 6. Be2 O-O 7. O-O d6 8. Nc3
Bg4 9. Bd2 Nc6 10. h3 Bxf3 11. Bxf3 Rc8 12. Rc1 Qd7 13. a3 Na5 14. Nd5 Nc4 15.
Nxf6+ Bxf6 16. Bc3 b5 17. Re1 Rc7 18. Qb3 a5 19. d5 a4 20. Qc2 Nxa3 21. bxa3
Rxc3 22. Qa2 Rfc8 23. Rxc3 Rxc3 24. Rb1 Be5 25. Be2 Qc7 26. Bxb5 Rc2 27. Qxc2
Qxc2 28. Rf1 Qb3 0-1

[Event "17. Open de la Constitución 2015"]
[Site "San Sebastian de los Reyes ES"]
[Date "2015.11.30"]
[Round "1.22"]
[White "Anton Quevedo, Andrea"]
[Black "Caceres San Martin, Daniel"]
[Result "1-0"]
[WhiteElo "1810"]
[BlackElo "1043"]
[PlyCount "55"]
[EventDate "2015.11.30"]
[EventType "swiss"]
[EventRounds "9"]
[EventCountry "ESP"]
[Source "lmi"]
[SourceDate "2015.11.30"]

1. e4 e5 2. f4 f6 3. fxe5 fxe5 4. Qh5+ g6 5. Qxe5+ Qe7 6. Qxh8 Nf6 7. d3 Kf7 8.
Nf3 Ke6 9. Bg5 Nc6 10. Qxf6+ Qxf6 11. Bxf6 Kxf6 12. Nc3 Bb4 13. Be2 d6 14. O-O
Bc5+ 15. Kh1 Be6 16. Nd4+ Ke7 17. Nxe6 Kxe6 18. Bg4+ Ke7 19. Nd5+ Ke8 20. Nxc7+
Kd8 21. Nxa8 Bd4 22. c3 Bg7 23. Rf7 Bh6 24. Rxh7 Bf8 25. Rf1 Be7 26. Rh8+ Bf8
27. Rf7 Ke8 28. Rhxf8# 1-0

[Event "17. Open de la Constitución 2015"]
[Site "San Sebastian de los Reyes ES"]
[Date "2015.12.01"]
[Round "2.1"]
[White "Perez Mitjans, Orelvis"]
[Black "Clavero Alarcon, Jose Miguel"]
[Result "1-0"]
[WhiteElo "2478"]
[BlackElo "1873"]
[PlyCount "63"]
[EventDate "2015.11.30"]
[EventType "swiss"]
[EventRounds "9"]
[EventCountry "ESP"]
[Source "lmi"]
[SourceDate "2015.11.30"]

1. e4 e6 2. d4 d5 3. e5 c5 4. c3 Nc6 5. Nf3 Bd7 6. dxc5 Bxc5 7. Bd3 Nge7 8. b4
Bb6 9. b5 Na5 10. O-O a6 11. bxa6 bxa6 12. Ng5 Ng6 13. Re1 Bb5 14. Bc2 Nc4 15.
Qh5 Qd7 16. Na3 Qa7 17. Nxb5 Bxf2+ 18. Kh1 axb5 19. Re2 Be3 20. Bxe3 Nxe3 21.
Bxg6 fxg6 22. Qf3 Nf5 23. Nxe6 Qd7 24. Qxd5 Ra7 25. Qb3 Qd3 26. Rb2 Ke7 27. Nf4
Qc4 28. Qxb5 Qxf4 29. Qc5+ Ke6 30. Qb6+ Nd6 31. exd6 Qa4 32. Re1+ 1-0

[Event "17. Open de la Constitución 2015"]
[Site "San Sebastian de los Reyes ES"]
[Date "2015.12.01"]
[Round "2.2"]
[White "Gonzalez Berrendero, Carlos"]
[Black "Hernando Pertierra, Jose C"]
[Result "0-1"]
[WhiteElo "1842"]
[BlackElo "2374"]
[PlyCount "40"]
[EventDate "2015.11.30"]
[EventType "swiss"]
[EventRounds "9"]
[EventCountry "ESP"]
[Source "lmi"]
[SourceDate "2015.11.30"]

1. b3 d5 2. Bb2 Nf6 3. e3 g6 4. f4 Bg7 5. Nf3 O-O 6. Bd3 c5 7. O-O Nc6 8. a3 d4
9. e4 e5 10. fxe5 Ng4 11. Qe2 Ncxe5 12. Nxe5 Bxe5 13. h3 Qh4 14. Qe1 Bh2+ 15.
Kh1 Bg3 16. Qe2 Ne5 17. Kg1 Bg4 18. Rf3 Rae8 19. a4 Nxf3+ 20. gxf3 Bxh3 0-1

[Event "17. Open de la Constitución 2015"]
[Site "San Sebastian de los Reyes ES"]
[Date "2015.12.01"]
[Round "2.3"]
[White "Soares, Erikson Roberto Mau"]
[Black "Sebastian Enesco, Alex"]
[Result "1-0"]
[WhiteElo "2226"]
[BlackElo "1833"]
[PlyCount "45"]
[EventDate "2015.11.30"]
[EventType "swiss"]
[EventRounds "9"]
[EventCountry "ESP"]
[Source "lmi"]
[SourceDate "2015.11.30"]

1. Nf3 Nf6 2. g3 g6 3. Bg2 Bg7 4. d4 O-O 5. O-O d6 6. c4 Nbd7 7. Nc3 c6 8. b3
e5 9. e4 exd4 10. Nxd4 Re8 11. Re1 a5 12. Ba3 Nc5 13. Rc1 Bg4 14. Qd2 h5 15.
Nc2 Nh7 16. h3 Be6 17. e5 Bf5 18. exd6 Nd3 19. Rxe8+ Qxe8 20. Rd1 Bxc3 21. Qxc3
Qe2 22. Rd2 Qe5 23. Rxd3 1-0

[Event "17. Open de la Constitución 2015"]
[Site "San Sebastian de los Reyes ES"]
[Date "2015.12.01"]
[Round "2.4"]
[White "Guillo Longares, Cecilia"]
[Black "Quevedo Marin, Manuel"]
[Result "0-1"]
[WhiteElo "1815"]
[BlackElo "2204"]
[PlyCount "120"]
[EventDate "2015.11.30"]
[EventType "swiss"]
[EventRounds "9"]
[EventCountry "ESP"]
[Source "lmi"]
[SourceDate "2015.11.30"]

1. d4 Nf6 2. c4 e6 3. Nc3 Bb4 4. f3 b6 5. a3 Bxc3+ 6. bxc3 Ba6 7. e4 Nc6 8. Bd3
Na5 9. Qe2 c5 10. Bg5 Qc7 11. Bxf6 gxf6 12. d5 Rg8 13. g3 e5 14. Nh3 d6 15. Nf2
Qd7 16. Ng4 Rg6 17. Kf2 O-O-O 18. Ne3 Rdg8 19. Nf5 Kc7 20. Rab1 Rg5 21. g4 Re8
22. Ra1 Qa4 23. Ne3 Rh8 24. Bc2 Qd7 25. Bd3 h5 26. h3 Rg7 27. Kg3 Rgh7 28. Kg2
Qe8 29. Rab1 Qg8 30. Ra1 Qg5 31. Rab1 Qf4 32. Rbf1 Bc8 33. Bc2 Rg8 34. Bd3 f5
35. exf5 Ba6 36. Rb1 f6 37. Rbe1 Rgh8 38. Ref1 Qg5 39. Qf2 Re7 40. Qe2 Qg7 41.
Rb1 Qg8 42. Rbf1 Qe8 43. Ra1 Qa4 44. Bc2 Bxc4 45. Qxc4 Nxc4 46. Bxa4 Nxe3+ 47.
Kf2 Nxd5 48. c4 Nf4 49. Bc2 Reh7 50. gxh5 Rxh5 51. Ke3 Rxh3 52. Rhg1 R8h7 53.
Rg8 Rh2 54. Bd3 d5 55. cxd5 Nxd5+ 56. Ke4 Nc3+ 57. Ke3 Rd7 58. Ra8 Nd5+ 59. Ke4
Rh4+ 60. f4 Rxf4# 0-1